<?xml version="1.0" encoding="UTF-8"?>
<record
    xmlns:xsi="http://www.w3.org/2001/XMLSchema-instance"
    xsi:schemaLocation="http://www.loc.gov/MARC21/slim http://www.loc.gov/standards/marcxml/schema/MARC21slim.xsd"
    xmlns="http://www.loc.gov/MARC21/slim">

  <leader>01225nam a2200229Ia 4500</leader>
  <controlfield tag="003">SEM</controlfield>
  <controlfield tag="005">20251119161644.0</controlfield>
  <controlfield tag="008">141116s1937    is ||||gr||||||01|||arm|d</controlfield>
  <datafield tag="040" ind1=" " ind2=" ">
    <subfield code="a">SEM</subfield>
    <subfield code="c">SEM</subfield>
  </datafield>
  <datafield tag="041" ind1=" " ind2=" ">
    <subfield code="a">arm</subfield>
  </datafield>
  <datafield tag="082" ind1=" " ind2=" ">
    <subfield code="a">930.26(47.925)/&#x540;-87</subfield>
  </datafield>
  <datafield tag="100" ind1=" " ind2=" ">
    <subfield code="a">&#x545;&#x578;&#x57E;&#x57D;&#x567;&#x583;&#x565;&#x561;&#x576;&#x581;, &#x533;&#x561;&#x580;&#x565;&#x563;&#x56B;&#x576;</subfield>
    <subfield code="c">&#x561;&#x580;&#x584;&#x565;&#x57A;&#x56B;&#x57D;&#x56F;&#x578;&#x57A;&#x578;&#x57D;</subfield>
    <subfield code="q">[&#x540;&#x578;&#x57E;&#x57D;&#x565;&#x583;&#x575;&#x561;&#x576;&#x581;, &#x533;&#x561;&#x580;&#x565;&#x563;&#x56B;&#x576;]</subfield>
  </datafield>
  <datafield tag="245" ind1=" " ind2=" ">
    <subfield code="a">&#x540;&#x561;&#x582;&#x578;&#x582;&#x581; &#x569;&#x561;&#x57C;&#x56B; &#x531;&#x574;&#x565;&#x576;&#x561;&#x583;&#x580;&#x56F;&#x56B;&#x579; &#x565;&#x582; &#x576;&#x578;&#x575;&#x576;&#x561;&#x576;&#x578;&#x582;&#x576; &#x575;&#x578;&#x582;&#x577;&#x561;&#x580;&#x571;&#x561;&#x576;&#x576;&#x565;&#x580; &#x570;&#x561;&#x575; &#x561;&#x580;&#x578;&#x582;&#x565;&#x57D;&#x57F;&#x56B; &#x574;&#x567;&#x57B; &#x589;</subfield>
    <subfield code="b">&#x54A;&#x561;&#x57F;&#x574;&#x561;-&#x570;&#x576;&#x561;&#x563;&#x56B;&#x57F;&#x561;&#x56F;&#x561;&#x576; &#x578;&#x582;&#x57D;&#x578;&#x582;&#x574;&#x576;&#x561;&#x57D;&#x56B;&#x580;&#x578;&#x582;&#x569;&#x56B;&#x582;&#x576; /</subfield>
    <subfield code="c">&#x533;&#x561;&#x580;&#x565;&#x563;&#x56B;&#x576; &#x561;&#x580;&#x584; &#x545;&#x578;&#x57E;&#x57D;&#x567;&#x583;&#x565;&#x561;&#x576;&#x581;</subfield>
  </datafield>
  <datafield tag="246" ind1=" " ind2=" ">
    <subfield code="a">[&#x540;&#x561;&#x57E;&#x578;&#x582;&#x581; &#x569;&#x561;&#x57C;&#x56B; &#x531;&#x574;&#x565;&#x576;&#x561;&#x583;&#x580;&#x56F;&#x56B;&#x579; &#x587; &#x576;&#x578;&#x582;&#x575;&#x576;&#x561;&#x576;&#x578;&#x582;&#x576; &#x570;&#x578;&#x582;&#x577;&#x561;&#x580;&#x571;&#x561;&#x576;&#x576;&#x565;&#x580; &#x570;&#x561;&#x575; &#x561;&#x580;&#x57E;&#x565;&#x57D;&#x57F;&#x56B; &#x574;&#x565;&#x57B; &#x589;</subfield>
    <subfield code="b">&#x54A;&#x561;&#x57F;&#x574;&#x561;-&#x570;&#x576;&#x561;&#x563;&#x56B;&#x57F;&#x561;&#x56F;&#x561;&#x576; &#x578;&#x582;&#x57D;&#x578;&#x582;&#x574;&#x576;&#x561;&#x57D;&#x56B;&#x580;&#x578;&#x582;&#x569;&#x575;&#x578;&#x582;&#x576;] /</subfield>
  </datafield>
  <datafield tag="260" ind1=" " ind2=" ">
    <subfield code="a">&#x535;&#x580;&#x578;&#x582;&#x57D;&#x561;&#x572;&#x567;&#x574; &#x589;</subfield>
    <subfield code="b">&#x57F;&#x57A;&#x2024; &#x54D;&#x580;&#x562;&#x578;&#x581; &#x545;&#x561;&#x56F;&#x578;&#x562;&#x565;&#x561;&#x576;&#x581;,</subfield>
    <subfield code="c">1937&#x2024;</subfield>
  </datafield>
  <datafield tag="300" ind1=" " ind2=" ">
    <subfield code="a">110 &#x567;&#x57B; ;</subfield>
    <subfield code="b">&#x576;&#x56F;&#x2024; ;</subfield>
    <subfield code="c">33 &#x57D;&#x574;</subfield>
  </datafield>
  <datafield tag="504" ind1=" " ind2=" ">
    <subfield code="a">&#x551;&#x561;&#x576;&#x56F; &#x575;&#x561;&#x57F;&#x578;&#x582;&#x56F; &#x561;&#x576;&#x578;&#x582;&#x576;&#x576;&#x565;&#x580;&#x56B; &#x565;&#x582; &#x56F;&#x561;&#x580;&#x565;&#x582;&#x578;&#x580; &#x576;&#x56B;&#x582;&#x569;&#x565;&#x580;&#x56B;&#x55D; &#x567;&#x57B; 99 -109</subfield>
  </datafield>
  <datafield tag="650" ind1=" " ind2=" ">
    <subfield code="a">&#x540;&#x576;&#x561;&#x563;&#x56B;&#x57F;&#x578;&#x582;&#x569;&#x575;&#x578;&#x582;&#x576;</subfield>
    <subfield code="x">&#x540;&#x561;&#x575;&#x561;&#x57D;&#x57F;&#x561;&#x576;</subfield>
  </datafield>
  <datafield tag="651" ind1=" " ind2=" ">
    <subfield code="a">&#x54E;&#x561;&#x576;&#x584;&#x565;&#x580;</subfield>
    <subfield code="x">&#x540;&#x561;&#x575; &#x565;&#x56F;&#x565;&#x572;&#x565;&#x581;&#x56B;</subfield>
  </datafield>
  <datafield tag="653" ind1=" " ind2=" ">
    <subfield code="a">&#x54D;&#x537;&#x544;</subfield>
  </datafield>
  <datafield tag="942" ind1=" " ind2=" ">
    <subfield code="2">ddc</subfield>
    <subfield code="c">BK</subfield>
  </datafield>
  <datafield tag="999" ind1=" " ind2=" ">
    <subfield code="c">44782</subfield>
    <subfield code="d">44782</subfield>
  </datafield>
  <datafield tag="952" ind1=" " ind2=" ">
    <subfield code="0">0</subfield>
    <subfield code="1">0</subfield>
    <subfield code="2">ddc</subfield>
    <subfield code="4">0</subfield>
    <subfield code="7">0</subfield>
    <subfield code="8">&#x533;&#x580;&#x561;&#x57A;&#x561;&#x570;&#x578;&#x581;</subfield>
    <subfield code="a">SEM</subfield>
    <subfield code="b">SEM</subfield>
    <subfield code="d">2014-11-16</subfield>
    <subfield code="g">5000.00</subfield>
    <subfield code="i">220</subfield>
    <subfield code="l">0</subfield>
    <subfield code="o">930&#x2024;26(47.925)/&#x540;-87</subfield>
    <subfield code="p">220</subfield>
    <subfield code="r">2014-11-16</subfield>
    <subfield code="w">2014-11-16</subfield>
    <subfield code="y">BK</subfield>
    <subfield code="z">&#x54D;&#x57A;&#x561;&#x57D;&#x561;&#x580;&#x56F;&#x57E;&#x578;&#x582;&#x574; &#x567; &#x568;&#x576;&#x569;&#x565;&#x580;&#x581;&#x561;&#x57D;&#x580;&#x561;&#x570;</subfield>
  </datafield>
</record>
